Every DR City Accepted by CityQuiz - Statistics

General Stats
  • This quiz has been taken 30 times
  • The average score is 22 of 72
Answers on the Map
Answers color-coded by a green-red scale on the quiz's map according to % correct below.
 
Answer Stats
Population Answer % Correct
37,286 Punta Cana
88%
2,581,827 Santo Domingo
88%
75,827 Boca Chica
63%
147,978 Higüey
63%
224,882 La Romana
63%
78,995 Barahona
50%
25,463 Consuelo
50%
26,477 El Seibo
50%
37,798 Hato Mayor del Rey
50%
2,488 Juan Dolio
50%
10,471 La Otra Banda
50%
185,255 San Pedro de Macorís
50%
12,221 Cabral
38%
20,353 Dajabón
38%
10,026 Jimaní
38%
24,698 La Caleta
38%
245,269 Los Alcarrizos
38%
21,063 Neiba
38%
13,077 Pedernales
38%
12,877 Sabana de la Mar
38%
15,648 Sabaneta
38%
13,857 Samaná
38%
11,211 Sánchez
38%
138,455 San Cristóbal
38%
550,753 Santiago de los Caballeros
38%
38,862 Villa Altagracia
38%
67,117 Bajos de Haina
25%
72,466 Baní
25%
24,218 Cabrera
25%
15,514 Cambita Garabitos
25%
13,881 Comendador
25%
47,905 Cotuí
25%
38,746 Esperanza
25%
26,996 Jarabacoa
25%
10,102 La Mata
25%
10,371 Las Guáranas
25%
23,161 Las Matas de Farfán
25%
11,124 Las Terrenas
25%
104,536 La Vega
25%
20,064 La Victoria
25%
15,993 Maimón
25%
49,714 Mao
25%
15,141 Monte Cristi
25%
16,115 Monte Plata
25%
38,540 Nagua
25%
35,087 Pedro Brand
25%
118,496 Puerto Plata
25%
18,026 Sabana Grande de Boyá
25%
13,803 Salcedo
25%
132,725 San Francisco de Macorís
25%
22,383 San José de Ocoa
25%
71,494 San Juan de la Maguana
25%
26,453 San Luis
25%
11,433 Vicente Noble
25%
13,752 Villa González
25%
12,264 Villa Montellano
25%
10,681 Villa Vásquez
25%
12,716 Yamasá
25%
63,055 Azua de Compostela
13%
20,303 Bayaguana
13%
68,602 Bonao
13%
14,600 Cabarete
13%
25,683 Constanza
13%
23,637 Hato del Yaque
13%
65,445 Moca
13%
10,584 Peralta
13%
10,313 Sabana Yegua
13%
14,866 San Antonio de Guerra
13%
12,867 San Gregorio de Nigua
13%
49,593 Sosúa
13%
24,825 Tamboril
13%
31,608 Villa Bisonó
13%
No matching quizzes found
Score Distribution
Percent of People with Each Score
Percentile by Number Answered
Your Score History
You have not taken this quiz